| 000 | 01043cam a2200277 4500 | ||
|---|---|---|---|
| 001 | WS116336 | ||
| 008 | 020116n 000 0 eng u | ||
| 035 | _a(Sirsi) u116336 | ||
| 110 |
_aScottish Letting Agency _94181 |
||
| 245 | _aScottish Letting Agency | ||
| 520 | _aWeb site for this online service for landlords, tenants and service providers involved in the Scottish residential property market. Includes a searchable list of available property, top tips for landlords, an outline of tenancy types, legal information and pages on social exclusion. | ||
| 650 | _aRENTED HOUSING | ||
| 650 | _aASSURED TENANCY | ||
| 650 | _aHOUSING (SCOTLAND) ACT 1988 | ||
| 650 | _aSHORT ASSURED TENANCIES | ||
| 650 | _aSCOTLAND | ||
| 650 | _aSOCIAL EXCLUSION | ||
| 650 | _aLAW | ||
| 650 | _aTENANCIES | ||
| 650 | _aHOMELESSNESS | ||
| 650 | _aEVICTION | ||
| 650 | _aREPAIRS | ||
| 690 | _aHOUSING | ||
| 856 | 4 | 0 |
_uhttps://www.scottish-letting-agency.com _zView the website free of charge at www.scottish-letting-agency.com... |
| 942 | _n0 | ||
| 999 |
_c119967 _d119967 |
||